ជនជាតិខ្មែរ / (Record no. 1512)
[ view plain ]
| 000 -LEADER | |
|---|---|
| fixed length control field | 01978nam a22003017a 4500 |
| 005 - DATE AND TIME OF LATEST TRANSACTION | |
| control field | 20231003084901.0 |
| 020 ## - INTERNATIONAL STANDARD BOOK NUMBER | |
| International Standard Book Number | 9789924340843 |
| 040 ## - CATALOGING SOURCE | |
| Original cataloging agency | FISKH |
| Language of cataloging | eng |
| Transcribing agency | FISKH |
| Modifying agency | FISKH |
| 082 ## - DEWEY DECIMAL CLASSIFICATION NUMBER | |
| Classification number | 959.6 |
| 100 ## - MAIN ENTRY--PERSONAL NAME | |
| Personal name | Vicheka, Khoun |
| 245 ## - TITLE STATEMENT | |
| Title | ជនជាតិខ្មែរ / |
| Remainder of title | ឆ្នាំ ១៩៥៣-បច្ចុប្បន្ន |
| Statement of responsibility, etc. | និពន្ធដោយ ឃួន វិច្ចិកា |
| 250 ## - EDITION STATEMENT | |
| Edition statement | បោះពុម្ពលើកទី ២ ខែសីហា ២០២២ |
| 260 ## - PUBLICATION, DISTRIBUTION, ETC. | |
| Place of publication, distribution, etc. | Phnom Penh : |
| Name of publisher, distributor, etc. | Sipar, |
| Date of publication, distribution, etc. | 2022. |
| 300 ## - PHYSICAL DESCRIPTION | |
| Extent | 44 pages : |
| Other physical details | maps ; color illustrations ; |
| Dimensions | 20 cm |
| 490 ## - SERIES STATEMENT | |
| Series statement | ខ្ញុំចង់ដឹង |
| 505 ## - FORMATTED CONTENTS NOTE | |
| Formatted contents note | Z' |
| 520 ## - SUMMARY, ETC. | |
| Summary, etc. | ខ្មែរភាគទី៣ ចាប់ពីឆ្នាំ១៩៥៣ ដល់បច្ចុប្បន្ន ពិពណ៌នាអំពីព្រឹត្តិការណ៍ប្រវត្តិសាស្ត្រសំខាន់ៗឆ្នាំ១៩៥៣ រហូតដល់សតវត្សទី២០ រួមមាននយោបាយ កុម្មុយនិស្ត សង្គ្រាមស៊ីវិល ការកសាងឡើងវិញក្រោយសង្គ្រាម និងការបោះឆ្នោតលើកដំបូង។ |
| 520 ## - SUMMARY, ETC. | |
| Summary, etc. | The Khmers Part 3, from 1953 – present describes significant historical events from 1953 until the 20th century including politics, communism, civil war, rebuilding after war and the first election. |
| 521 ## - TARGET AUDIENCE NOTE | |
| Target audience note | 1000<br/> |
| Source | Lexile estimate <br/> |
| 521 ## - TARGET AUDIENCE NOTE | |
| Target audience note | Z' <br/> |
| Source | Raz-Plus <br/> |
| 650 ## - SUBJECT ADDED ENTRY--TOPICAL TERM | |
| Topical term or geographic name entry element | បច្ចុប្បន្ន |
| Form subdivision | នយោបាយ |
| General subdivision | ការបោះឆ្នោត |
| Chronological subdivision | លទ្ធិកុម្មុនីស |
| 650 ## - SUBJECT ADDED ENTRY--TOPICAL TERM | |
| Topical term or geographic name entry element | Present |
| Form subdivision | Politic |
| General subdivision | Election |
| Chronological subdivision | Communist |
| 700 ## - ADDED ENTRY--PERSONAL NAME | |
| Personal name | Visoth, Seng |
| Numeration | illustrator |
| 700 ## - ADDED ENTRY--PERSONAL NAME | |
| Personal name | Lapros, Lak |
| Titles and other words associated with a name | illustrator |
| 700 ## - ADDED ENTRY--PERSONAL NAME | |
| Personal name | Hugues, Piolet |
| Titles and other words associated with a name | illustrator |
| 942 ## - ADDED ENTRY ELEMENTS (KOHA) | |
| Source of classification or shelving scheme | Dewey Decimal Classification |
| Koha item type | Books |
| Suppress in OPAC | No |
| 999 ## - | |
| -- | 1512 |
| -- | 1512 |
| Withdrawn status | Lost status | Source of classification or shelving scheme | Damaged status | Not for loan | Collection | Home library | Current library | Shelving location | Date acquired | Total Checkouts | Full call number | Barcode | Date last seen | Copy number | Price effective from | Koha item type | Date last checked out |
|---|---|---|---|---|---|---|---|---|---|---|---|---|---|---|---|---|---|
| Dewey Decimal Classification | Khmer Non-Fiction / សៀវភៅខ្មែរ រឿងពិត | Footprints International School Library Network Toul Kork Campus | Footprints International School Library Network Toul Kork Campus | 09/01/2023 | VIC 959.6 | 2023-0430 | 09/01/2023 | 1 | 09/01/2023 | Books | |||||||
| Dewey Decimal Classification | Khmer Non-Fiction / សៀវភៅខ្មែរ រឿងពិត | Footprints International School Library Network Toul Kork Campus | Footprints International School Library Network Toul Kork Campus | 09/01/2023 | 1 | VIC 959.6 | 2023-0431 | 11/10/2025 | 2 | 09/01/2023 | Books | 06/30/2025 |
